000
00298nam a22001337a 4500
008
181023b xxu||||| |||| 00| 0 eng d
020
_a
9781111222284
041
_a
eng
080
_a
336
100
_a
56
101
_a
FIN
245
_a
Introduction to Corporate Finance
_c
Smart
942
_2
udc
_c
BK
999
_c
50617
_d
50617